000 00452cam a2200169 4500
001 L130234
008 050704n2006 000 0 eng u
020 _a0110729846
035 _a(Sirsi) u130234
041 _aeng
245 4 _aThe Control of Noise at Work Regulations 2005
260 _aLondon
_bTSO
_c2006
490 _aSI
_v2005: 1643
650 _aCONTROL OF NOISE AT WORK REGULATIONS 2005
690 _aHealth and safety
_96244
942 _n0
999 _c104405
_d104405